| 000 | 00775nam a22002177a 4500 | ||
|---|---|---|---|
| 999 |
_c8842 _d8842 |
||
| 003 | AR-CdUCM | ||
| 008 | 190326b ||||| |||| 00| 0 spa d | ||
| 020 | _a9972-618-32-3 | ||
| 040 |
_aMUNICIPALIDAD PROVINCIAL DEL CUSCO _cBIBLIOTECA MUNICIPAL DEL CUSCO |
||
| 082 |
_a305.4 / _bT27 |
||
| 100 |
_aTovar S., Teresa _924628 |
||
| 245 |
_aSin Querer Queriendo : _bCultura Docente y Género / |
||
| 260 |
_aLima : _bTarea ; _c1998. |
||
| 300 |
_a243 páginas ; _bTablas _c24cm |
||
| 505 | _aContenido: El too gris de ala igualdad de oportunidades -- Cuadernos y ritos, la cultura escolar -- Quien hereda no hurta pero segrega | ||
| 650 |
_aGénero _92365 |
||
| 650 |
_aDiscriminación _91641 |
||
| 650 |
_aDerechos de la mujer _911616 |
||
| 942 |
_2ddc _cLIBROS |
||
| 945 | _anom | ||